Pokemon 6G - Statistiques

Statistiques générales
  • Ce quiz a été pris 99 fois
  • Le résultat moyen est 55 sur 72
Statistiques - réponses
Type 1 Type 2 Pokemon % Correct
658 Eau Ténèbres Amphinobi
97%
656 Eau Grenousse
97%
655 Feu Psy Goupelin
95%
719 Roche Fée Diancie
92%
653 Feu Feunnec
92%
716 Fée Xerneas
90%
717 Ténèbres Vol Yveltal
90%
663 Feu Vol Flambusard
88%
718 Dragon Sol Zygarde
88%
652 Plante Combat Blindépique
87%
657 Eau Croâporal
87%
650 Plante Marisson
87%
721 Feu Eau Volcanion
87%
661 Normal Vol Passerouge
85%
654 Feu Roussil
83%
651 Plante Boguérisse
82%
681 Acier Spectre Exagide
82%
720 Psy Spectre Hoopa
82%
668 Feu Normal Némélios
82%
669 Fée Flabébé
80%
667 Feu Normal Hélionceau
80%
659 Normal Sapereau
80%
701 Combat Vol Brutalibré
78%
702 Electrik Fée Dedenne
78%
670 Fée Floette
78%
671 Fée Florges
78%
706 Dragon Muplodocus
78%
700 Fée Nymphali
78%
662 Feu Vol Braisillon
77%
660 Normal Sol Excavarenne
77%
696 Roche Dragon Ptyranidur
77%
697 Roche Dragon Rexillius
77%
705 Dragon Colimucus
75%
709 Spectre Plante Desséliande
75%
680 Acier Spectre Dimoclès
75%
695 Electrik Normal Iguolta
75%
691 Poison Dragon Kravarech
75%
679 Acier Spectre Monorpale
75%
704 Dragon Mucuscule
75%
710 Spectre Plante Pitrouille
75%
666 Insecte Vol Prismillon
75%
684 Fée Sucroquin
75%
711 Spectre Plante Banshitrouye
73%
664 Insecte Lépidonille
73%
675 Combat Ténèbres Pandarbare
73%
707 Acier Fée Trousselin
73%
698 Roche Glace Amagara
72%
703 Roche Fée Strassie
72%
708 Spectre Plante Brocélôme
70%
715 Vol Dragon Bruyverne
70%
699 Roche Glace Dragmara
70%
674 Combat Pandespiègle
70%
686 Ténèbres Psy Sepiatop
70%
673 Plante Chevroum
68%
694 Electrik Normal Galvaran
68%
665 Insecte Pérégrain
68%
687 Ténèbres Psy Sepiatroce
68%
714 Vol Dragon Sonistrelle
68%
690 Poison Eau Venalgue
68%
676 Normal Couafarel
67%
685 Fée Cupcanaille
67%
682 Fée Fluvetin
67%
693 Eau Gamblast
67%
672 Plante Cabriolaine
65%
713 Glace Séracrawl
65%
678 Psy Mistigrix
63%
683 Fée Cocotine
62%
712 Glace Grelaçon
62%
692 Eau Flingouste
60%
689 Roche Eau Golgopathe
60%
677 Psy Psystigri
60%
688 Roche Eau Opermine
58%
Aucun quiz correspondant
Distribution des résultats
% des personnes avec chaque résultat
Percentile par nombre de réponses
Votre historique - résultats
Vous n’avez pas pris ce quiz